[Event "Vaujany Principal"]
[Site "Vaujany"]
[Date "2025.07.13"]
[Round "4"]
[White "Kanov, N."]
[Black "Haussernot, C."]
[Result "1-0"]
[WhiteElo "2447"]
[BlackElo "2170"]
[PlyCount "69"]
[EventDate "2025.07.10"]
[EventType "swiss"]
[EventRounds "9"]
[EventCountry "FRA"]
[SourceVersionDate "2025.07.10"]

1. e4 e5 2. Nf3 Nc6 3. Bc4 Nf6 4. d3 h6 5. O-O d6 6. c3 g5 7. a4 Bg7 8. a5 a6
9. Nbd2 O-O 10. Bb3 d5 11. exd5 Nxd5 12. Ne4 Nf4 13. Bxf4 gxf4 14. Re1 Bg4 15.
h3 Bh5 16. g4 fxg3 17. fxg3 Kh8 18. g4 Bg6 19. Qe2 f5 20. gxf5 Rxf5 21. Rf1 Qe7
22. Qg2 Bh5 23. Nh2 Rf4 24. Kh1 Raf8 25. Rg1 Bf3 26. Nxf3 Rxf3 27. Rae1 Nxa5
28. Bd1 Rxd3 29. Bc2 Rdf3 30. Nd2 R3f6 31. Rxe5 Qd7 32. Rxa5 Rf2 33. Rd5 Qf7
34. Qe4 Bf6 35. Rh5 1-0

[Event "Vaujany Principal"]
[Site "Vaujany"]
[Date "2025.07.13"]
[Round "4"]
[White "Mareau, T."]
[Black "Hamdouchi, H."]
[Result "0-1"]
[WhiteElo "2023"]
[BlackElo "2515"]
[PlyCount "62"]
[EventDate "2025.07.10"]
[EventType "swiss"]
[EventRounds "9"]
[EventCountry "FRA"]
[SourceVersionDate "2025.07.10"]

1. e4 c5 2. Nc3 Nc6 3. Bb5 Nd4 4. Bc4 a6 5. Nf3 b5 6. Bd5 Rb8 7. Nxd4 cxd4 8.
Ne2 Nf6 9. Bb3 Nxe4 10. Nxd4 e6 11. O-O Nc5 12. c3 Nxb3 13. axb3 Bc5 14. Nc2
Bb7 15. d4 Bd6 16. Qg4 Qf6 17. Qg5 Qg6 18. Qxg6 hxg6 19. h3 f6 20. b4 Ke7 21.
Ne1 g5 22. f3 Bc7 23. Nd3 d6 24. Be3 Ra8 25. Ra3 Kd7 26. Rfa1 Bb6 27. Kf2 Kc7
28. Ke2 Rae8 29. Kf2 Rh5 30. Rh1 f5 31. Raa1 f4 0-1

[Event "Vaujany Principal"]
[Site "Vaujany"]
[Date "2025.07.13"]
[Round "4"]
[White "Calzetta, M."]
[Black "Abergel, T."]
[Result "1/2-1/2"]
[WhiteElo "2246"]
[BlackElo "2407"]
[Annotator "promoechecs"]
[PlyCount "60"]
[EventDate "2025.07.10"]
[EventType "swiss"]
[EventRounds "9"]
[EventCountry "FRA"]
[SourceVersionDate "2025.07.10"]

1. e4 e5 2. Nf3 Nc6 3. Bb5 a6 4. Ba4 d6 5. O-O Bd7 6. c3 Nge7 7. d4 Ng6 8. Be3
Be7 9. Nbd2 O-O 10. Re1 b5 11. Bc2 exd4 12. cxd4 Nb4 13. Bb1 c5 14. d5 Bf6 15.
Qc1 a5 16. a3 Na6 17. a4 Nb4 18. axb5 Bxb5 19. Ra3 a4 20. Nf1 Bxf1 21. Rxf1 Qd7
22. Bd2 Rfe8 23. Bc3 Be5 24. Bxe5 Nxe5 25. Nxe5 Rxe5 26. f4 Ree8 27. Rg3 Qe7
28. Qc3 g6 29. f5 Qe5 30. Qf3 Qxb2 {reste de la partie illisible. Nulle au
42eme coup.} 1/2-1/2

[Event "Vaujany Principal"]
[Site "Vaujany"]
[Date "2025.07.14"]
[Round "5"]
[White "Hamdouchi, H."]
[Black "Fondrat, Y."]
[Result "1-0"]
[WhiteElo "2515"]
[BlackElo "2175"]
[PlyCount "55"]
[EventDate "2025.07.10"]
[EventType "swiss"]
[EventRounds "9"]
[EventCountry "FRA"]
[SourceVersionDate "2025.07.10"]

1. e4 e5 2. Nf3 Nc6 3. Bb5 a6 4. Ba4 Bc5 5. O-O Nge7 6. c3 Ba7 7. d4 Ng6 8.
Bxc6 dxc6 9. Nxe5 Nxe5 10. dxe5 Qh4 11. Qf3 Bg4 12. Qf4 O-O-O 13. Be3 Bxe3 14.
Qxe3 Kb8 15. Nd2 h5 16. f3 Bc8 17. f4 f6 18. Nf3 Qg4 19. f5 g6 20. exf6 Rde8
21. h3 Qg3 22. f7 Ref8 23. Qg5 Qxg5 24. Nxg5 gxf5 25. exf5 h4 26. Rae1 Bd7 27.
Re7 Rh5 28. Ne6 1-0

[Event "Vaujany Principal"]
[Site "Vaujany"]
[Date "2025.07.14"]
[Round "5"]
[White "Abergel, T."]
[Black "Labruyere, R."]
[Result "1-0"]
[WhiteElo "2407"]
[BlackElo "2282"]
[PlyCount "81"]
[EventDate "2025.07.10"]
[EventType "swiss"]
[EventRounds "9"]
[EventCountry "FRA"]
[SourceVersionDate "2025.07.10"]

1. e4 c5 2. c3 Nf6 3. e5 Nd5 4. d4 cxd4 5. Qxd4 e6 6. Nf3 Nc6 7. Qe4 f5 8. Qe2
Qc7 9. g3 b6 10. Bg2 Ncb4 11. c4 Ba6 12. Na3 Rc8 13. b3 Nc3 14. Qe3 Ne4 15. O-O
Bc5 16. Qe2 Nc6 17. Bb2 O-O 18. Nc2 Qb8 19. a4 Na5 20. Ncd4 Nxb3 21. Nxb3 Bxc4
22. Qd1 Bxf1 23. Kxf1 Nxf2 24. Qxd7 Ng4 25. Qxe6+ Kh8 26. Nxc5 bxc5 27. Bc3
Rce8 28. Qa2 f4 29. Kg1 fxg3 30. hxg3 Qb6 31. Re1 Nh6 32. e6 Nf5 33. Qc4 Re7
34. Ne5 Nd4 35. Nd7 Qd6 36. Bxd4 Qxg3 37. Rf1 Rxf1+ 38. Qxf1 Re8 39. e7 Rg8 40.
Bxc5 Qg4 41. Ne5 1-0

[Event "Vaujany Principal"]
[Site "Vaujany"]
[Date "2025.07.14"]
[Round "5"]
[White "Womacka, M."]
[Black "Dudognon, T."]
[Result "0-1"]
[WhiteElo "2347"]
[BlackElo "2365"]
[PlyCount "76"]
[EventDate "2025.07.10"]
[EventType "swiss"]
[EventRounds "9"]
[EventCountry "FRA"]
[SourceVersionDate "2025.07.10"]

1. e4 c5 2. Nf3 d6 3. d4 cxd4 4. Nxd4 Nf6 5. Nc3 a6 6. h3 e6 7. g4 h6 8. Bg2
Be7 9. Be3 Nc6 10. Qe2 Nxd4 11. Bxd4 e5 12. Be3 b5 13. O-O-O b4 14. Nd5 Nxd5
15. exd5 O-O 16. Be4 a5 17. Kb1 Bg5 18. Rdg1 Ba6 19. Qd2 Bxe3 20. Qxe3 Qg5 21.
Qxg5 hxg5 22. h4 gxh4 23. Rxh4 g6 24. Rgh1 Kg7 25. Rh7+ Kf6 26. Kc1 Rac8 27.
Kd2 Rc5 28. Ke3 a4 29. f4 Bc4 30. g5+ Ke7 31. Rd1 exf4+ 32. Kxf4 Bxa2 33. Rd4
Rc4 34. Ke3 a3 35. bxa3 bxa3 36. Bxg6 Rxd4 37. Kxd4 Bxd5 38. c4 a2 0-1

[Event "Vaujany Principal"]
[Site "Vaujany"]
[Date "2025.07.13"]
[Round "4"]
[White "Di Nicolantonio, L."]
[Black "Joie , S."]
[Result "1/2-1/2"]
[WhiteElo "2410"]
[BlackElo "2375"]
[PlyCount "62"]
[EventDate "2025.07.10"]
[EventType "swiss"]
[EventRounds "9"]
[EventCountry "FRA"]
[SourceVersionDate "2025.07.10"]

1. e4 c6 2. Nc3 d5 3. Nf3 dxe4 4. Nxe4 Nf6 5. Nxf6+ exf6 6. Bc4 Bd6 7. Qe2+ Qe7
8. Qxe7+ Kxe7 9. O-O Rd8 10. Re1+ Kf8 11. h3 c5 12. d4 cxd4 13. Nxd4 Bb4 14.
Rd1 Nc6 15. Be3 Nxd4 16. Rxd4 Rxd4 17. Bxd4 Be6 18. Bxe6 fxe6 19. c3 Bd6 20. a4
a6 21. Kf1 Rc8 22. Ke2 e5 23. Be3 Ke7 24. Rd1 Rc4 25. Ra1 Ke6 26. Kd3 Kd5 27.
b3 Rc8 28. Rd1 f5 29. f3 g6 30. c4+ Ke6 31. Kc3 b5 1/2-1/2